000 00997nam a22002177a 4500
999 _c32810
_d32810
003 OSt
005 20211126115751.0
008 140214b2021 slv spa
040 _cBMC
082 _a362.173
100 1 _945875
_aMancia Crespo, Sara Hilda
245 1 0 _aCalidad y humanización en la asistencia de enfermería
_b: Investigación, Informe final
_cSara Hilda Mancia Crespo, Jessica Astrid Salazar Cartagena
260 _aSanta Ana (El Salvador)
_bUniversidad Católica de El Salvador
_c2021
300 _a1 folleto [28] h.
_c28 cm
_e+ 1 disco compacto
500 _aPrecede al tít.: Universidad Católica de El Salvador, Facultad de Ciencias de la Salud. Escuela de enfermería
502 _aPara optar al grado académico de: Licenciatura en enfermería
650 2 0 _924102
_aEnfermería de atención primaria
700 1 _945876
_aSalazar Cartagena, Jessica Astrid
710 2 _919917
_aUniversidad Católica de El Salvador
_bEscuela de Ciencias de la Salud
942 _2ddc
_cTG